| 000 | 00857nam a2200229Ii 4500 | ||
|---|---|---|---|
| 003 | JO-AjNU | ||
| 008 | 230605s9999||||xx |||||||||||||| ||und|| | ||
| 017 | _a2003/21377 | ||
| 020 | _a977-270-825-6 | ||
| 040 |
_aJO-AjNU _bara _erda _cJO-AjNU |
||
| 041 | _aara | ||
| 050 | 1 | 4 | _aPN2728.S79.A3212 2004 |
| 100 | 3 |
_aك. ستانسلافسكي ؛ نقله إلى العربية دريني خشبة, _eauthor _924465 |
|
| 245 | 0 | 0 | _aحياتي في الفن، الجزء الثاني |
| 250 | _aط1 | ||
| 264 | 3 | 1 | _aالقاهرة: الدار المصرية اللبنانية، 2004 |
| 300 | _aج2، 456ص | ||
| 336 |
_atext _btxt _2rdacontent |
||
| 337 |
_aunmediated _bn _2rdamedia |
||
| 338 |
_avolume _bnc _2rdacarrier |
||
| 650 | 4 |
_a المسرحية الروسية - تاريخ ونقد - الإخراج المسرحي - ستانسلافسكي _924466 |
|
| 999 |
_aA9015 _c12583 _d12583 |
||